[Event "Olympiad Women 2024"]
[Site "Budapest HUN"]
[Date "2024.09.14"]
[Round "4.44"]
[Board "2"]
[White "Lou, Yuxin"]
[Black "Baginskaite, Kamile"]
[Result "1/2-1/2"]
[WhiteElo "1654"]
[BlackElo "2103"]
[PlyCount "124"]
[EventDate "2024.09.11"]
[WhiteTeam "Hong Kong, China"]
[BlackTeam "Lithuania"]
[BlackTeamCountry "LTU"]

1. d4 Nf6 2. c4 e6 3. Nc3 Bb4 4. Nf3 d5 5. Bg5 h6 6. Bxf6 Qxf6 7. cxd5 exd5 8. Qb3 c5 9. e3 O-O 10. a3 Bxc3+ 11. Qxc3 b6 ({RR} 11... Nd7 12. Be2 b6 13. O-O Bb7 14. Rac1 c4 15. Nd2 b5 16. Bf3 Qe7 17. Qa5 Bc6 18. b3 Qd6 19. bxc4 bxc4 20. Nb1 Rab8 21. Nc3 Rb3 22. Nxd5 Rxa3 23. Qc7 Qxc7 24. Nxc7 Bxf3 25. gxf3 Nb6 26. Nb5 {½-½ Shirov,A (2691)-Giri,A (2768) Hoogeveen Unive m1 2014 (3)}) ({RR} 11... cxd4 12. Qxd4 Nc6 13. Qxf6 gxf6 14. Bb5 Ne5 15. Rc1 Be6 16. Nd4 Rfc8 17. Ke2 a6 18. Bd3 Kf8 19. b3 Ke7 20. f4 Nc6 21. Nxc6+ bxc6 22. Rc5 Kd6 23. Rhc1 a5 24. R1c3 Bd7 25. Kf3 h5 26. Rc2 {1-0 Shohradova,L (2000)-Saparya Ghosh (1833) 40th World Junior Girls 2024 (10.23)}) 12. Rc1 c4 13. Be2 $146 ({RR} 13. Ne5 Nc6 14. Be2 Bf5 15. O-O Rfe8 16. f4 Qd6 17. Bf3 Na5 18. g4 Bh7 19. f5 f6 20. Ng6 Bxg6 21. fxg6 Re6 22. Rce1 Rd8 23. Kg2 Nc6 24. h4 b5 25. Re2 Rde8 26. Rfe1 Qd7 27. Kf1 a5 {0-1 Dao,T (2482)-Zhang,Z (2614) Ho Chi Minh City zt 3.3 2015 (9)}) 13... Nc6 14. O-O Re8 15. Bd1 b5 16. b3 Bg4 17. h3 Bh5 18. Re1 Re7 19. Nd2 Bxd1 20. Rcxd1 Rae8 21. Nf1 Qd6 22. bxc4 bxc4 23. Ng3 Rb7 24. e4 Rb3 25. Qc2 g6 26. exd5 Rxe1+ 27. Rxe1 Qxd5 28. Rc1 c3 29. Ne4 Qc4 30. Nd2 cxd2 31. Qxc4 dxc1=Q+ 32. Qxc1 Nxd4 33. Qd1 Nf3+ 34. gxf3 Rxa3 35. Qd8+ Kg7 36. Kg2 Ra4 37. Qe8 Ra5 38. f4 h5 39. Qc8 Rf5 40. Kg3 a5 41. Qc3+ Kh7 42. Qc4 Kg7 43. Qd4+ Kh7 44. Kf3 Kg8 45. Qd8+ Kg7 46. Ke4 Rb5 47. h4 Rf5 48. Qb8 Rc5 49. Kd4 Rf5 50. Ke3 Rd5 51. Qb6 Rf5 52. Qc6 Kh7 53. Ke4 Kg7 54. Qc3+ Kh7 55. Qa3 Kg7 56. Qa4 Kh7 57. Qd7 Kg7 58. Qd4+ Kh7 59. Qd8 Kg7 60. Qd4+ Kh7 61. Qd8 Kg7 62. Qd4+ Kh7 1/2-1/2

[Event "Olympiad Women 2024"]
[Site "Budapest HUN"]
[Date "2024.09.14"]
[Round "4.45"]
[Board "2"]
[White "O'Gorman, Alice"]
[Black "Ibtihal Osman"]
[Result "0-1"]
[WhiteElo "1996"]
[BlackElo "1626"]
[PlyCount "102"]
[EventDate "2024.09.11"]
[WhiteTeam "Ireland"]
[BlackTeam "Sudan"]
[WhiteTeamCountry "IRL"]
[BlackTeamCountry "SUD"]

1. c4 c5 2. Nc3 Nc6 3. g3 g6 4. Bg2 Bg7 5. e4 a6 6. Nge2 e6 7. d3 Nge7 8. O-O O-O 9. Be3 Nd4 10. Rb1 Nec6 11. a3 a5 ({RR} 11... Rb8 12. b4 d6 13. bxc5 dxc5 14. f4 Nxe2+ 15. Nxe2 b6 16. e5 Qc7 17. Kh1 f6 18. exf6 Bxf6 19. g4 Bd7 20. Be4 Ne7 21. Ng3 b5 22. Qd2 Bg7 23. Qf2 Rbc8 24. Rfc1 g5 25. f5 exf5 26. gxf5 {1-0 Kosyrev,V (2523)-Rustemov,A (2552) Moscow-ch final 2008 (2)}) ({RR} 11... Rb8 12. b4 cxb4 13. axb4 b5 14. cxb5 axb5 15. Qd2 Re8 16. Rfc1 d6 17. h4 h5 18. Nxd4 Nxd4 19. Ne2 Nxe2+ 20. Qxe2 Bb7 21. Rc2 Qd7 22. Rbc1 Rec8 23. d4 Rxc2 24. Rxc2 Ra8 25. Qd3 d5 26. e5 {1-0 Magold,F (2425)-Zielonka,A (2253) 32nd EY Open U16 2024 (3.4)}) 12. b3 b6 $146 ({RR} 12... Qe7 13. Bxd4 Nxd4 14. Nxd4 Bxd4 15. Ne2 Bg7 16. f4 d6 17. a4 Rd8 18. Kh1 Bd7 19. g4 Bc6 20. Qc2 Qh4 21. h3 f5 22. g5 d5 23. Ng1 {½-½ Nastro,F (1934)-Ghersinich,E (1652) Topusko op 3rd 2014 (3)}) 13. h3 e5 14. f4 exf4 15. Bxf4 d6 16. Qd2 Re8 17. Nd5 Be6 18. Nec3 Rf8 19. Bh6 Ne5 20. Bxg7 Kxg7 21. Kh2 Rb8 22. b4 axb4 23. axb4 f5 24. Nf4 Bd7 25. Nce2 Nxe2 26. Qxe2 Qe7 27. Nd5 Qg5 28. b5 fxe4 29. dxe4 Rxf1 30. Rxf1 Be6 31. Ra1 Rb7 32. Ra8 Bxd5 33. exd5 Qc1 34. Ra4 Rf7 35. h4 h5 36. Bh1 Ng4+ 37. Kg2 Rf2+ 38. Qxf2 Nxf2 39. Kxf2 Qxh1 40. Ra6 Qh2+ 41. Kf3 Qh1+ 42. Kf2 Qe4 43. Rxb6 Qxc4 44. Rb7+ Kf6 45. b6 Qxd5 46. Rb8 Qc6 47. b7 Ke6 48. Ke3 d5 49. Kd3 Ke5 50. Ke3 d4+ 51. Kd2 c4 0-1

[Event "Olympiad Women 2024"]
[Site "Budapest HUN"]
[Date "2024.09.14"]
[Round "4.45"]
[Board "3"]
[White "Sabreen Oraby"]
[Black "Gora, Antonina"]
[Result "0-1"]
[WhiteElo "1812"]
[BlackElo "1943"]
[PlyCount "104"]
[EventDate "2024.09.11"]
[WhiteTeam "Sudan"]
[BlackTeam "Ireland"]
[WhiteTeamCountry "SUD"]
[BlackTeamCountry "IRL"]

1. c4 e5 2. g3 Nf6 3. Bg2 d5 4. cxd5 Nxd5 5. Nc3 Nb6 6. Nf3 Nc6 7. d3 Be7 8. O-O O-O 9. a4 a5 10. Be3 Be6 11. Rc1 f5 ({RR} 11... Nd5 12. Nxd5 Bxd5 13. Nd2 Bxg2 14. Kxg2 Nd4 15. Bxd4 exd4 16. Qc2 Bb4 17. Ne4 c6 18. Qc4 Re8 19. f4 Qd5 20. f5 Rxe4 21. dxe4 Qxe4+ 22. Rf3 Bd2 23. Rd1 Be3 24. Rd3 Re8 25. b4 axb4 26. Qxb4 {½-½ Markowski,T (2560)-Navara,D (2647) EU-ch 6th Warsaw 2005 (5)}) 12. Nb5 Bf6 ({RR} 12... f4 13. Bc5 Bd5 14. e4 fxe3 15. fxe3 Rf7 16. e4 Be6 17. d4 exd4 18. Nfxd4 Rxf1+ 19. Bxf1 Nxd4 20. Nxd4 Bxc5 21. Rxc5 Qd6 22. Rc1 Rf8 23. Nxe6 Qxe6 24. Rxc7 Qxe4 25. Bg2 Qe3+ 26. Kh1 Nxa4 27. b3 {1-0 Bodicky,M (2212)-Schulz,M (2175) Titled Tue 5th Mar Early 2024 (9)}) 13. Bc5 Re8 $146 ({RR} 13... Rf7 14. Nd2 Rd7 15. Bxb6 cxb6 16. Rxc6 bxc6 17. Bxc6 e4 18. Bxa8 Qxa8 19. Qc2 exd3 20. exd3 Qd8 21. Re1 Bd5 22. Nc4 Bb7 23. Ne5 Bxe5 24. Rxe5 h6 25. d4 Be4 26. Qb3+ Kh7 27. f3 Rxd4 28. fxe4 {½-½ Bordoni,N-Villarreal,H (2290) Mar del Plata op 1993 (2)}) ({RR} 13... Rf7 14. Nd2 Nd5 15. Ba3 Rb8 16. Nb3 Bg5 17. Nc5 Bc8 18. Qb3 Nce7 19. Rcd1 c6 20. Nc3 b6 21. e4 Nxc3 22. bxc3 Qc7 23. Rb1 f4 24. Ne6 Bxe6 25. Qxe6 Nc8 26. Qe8+ {1-0 Gonzalez Espana,M (1917)-Jameson,D (2068) Gibraltar Masters 13th 2015 (4)}) 14. Ba3 Nd5 15. Nd2 Rc8 16. Nb3 Ra8 17. Nc5 Nd4 18. Nxd4 exd4 19. Nxe6 Rxe6 20. Qb3 c6 21. Qxb7 Rb8 22. Qa6 Rxe2 23. Rxc6 Nb4 24. Qc4+ Kh8 25. Rc5 Rc2 26. Rd5 Rxc4 27. Rxd8+ Rxd8 28. dxc4 d3 29. Bxb4 axb4 30. b3 d2 31. Bd5 Re8 32. Bf3 Re1 33. c5 Bd4 34. c6 Bb6 35. Kg2 g5 36. h3 Kg7 37. Bd1 Kf6 38. Rh1 Ke5 39. g4 f4 40. Bf3 Kd4 41. h4 Rxh1 42. Kxh1 gxh4 43. Kg1 Kc3 44. Bd1 Kb2 45. Kg2 Kc1 46. Be2 d1=Q 47. Bxd1 Kxd1 48. Kh3 Ke2 49. g5 Kxf2 50. Kxh4 f3 51. Kh5 Ke3 52. Kh6 Kf4 0-1

[Event "Olympiad Women 2024"]
[Site "Budapest HUN"]
[Date "2024.09.14"]
[Round "4.45"]
[Board "4"]
[White "Putar, Lara"]
[Black "Elizabeth  Tanyous"]
[Result "1-0"]
[WhiteElo "1911"]
[BlackElo "1530"]
[PlyCount "53"]
[EventDate "2024.09.11"]
[WhiteTeam "Ireland"]
[BlackTeam "Sudan"]
[WhiteTeamCountry "IRL"]
[BlackTeamCountry "SUD"]

1. d4 d5 2. c4 c6 3. Nf3 Bg4 4. Ne5 Nf6 5. Nxg4 Nxg4 6. e4 Nf6 7. e5 Nfd7 8. Nc3 e6 9. b3 $146 ({RR} 9. Be3 b6 10. Bd3 f6 11. Qh5+ Ke7 12. f4 f5 13. cxd5 cxd5 14. Bxf5 exf5 15. Qxf5 g6 16. Nxd5+ Ke8 17. Qe6+ Be7 18. f5 Nf8 19. Nf6# {1-0 Sisatto,O-Viitaniemi,O FIN-ch U18 Finland 1998 (4)}) ({RR} 9. a3 dxc4 10. Bxc4 Nb6 11. Ba2 Be7 12. Qg4 g6 13. Bh6 Nd5 14. O-O Nxc3 15. bxc3 Nd7 16. Qh3 Bf8 17. Rab1 Rb8 18. f4 Bxh6 19. Qxh6 Qe7 20. a4 Nb6 21. a5 Nd5 22. Rf3 Qf8 23. Qh3 Qa3 {1-0 Dzwierzynski,B (2037)-Korys,D (1340) Subcarpathian-chT 2021 (1.19)}) ({RR} 9. Bd3 Bb4 10. O-O dxc4 11. Bxc4 Nb6 12. Bb3 N8d7 13. Qg4 g6 14. Bg5 Be7 15. Bh6 Bf8 16. Bxf8 Kxf8 17. Ne4 Kg7 18. Nd6 Rb8 19. f4 Nc8 20. Nxf7 Kxf7 21. Qxe6+ Kg7 22. Qf7+ Kh6 23. Rf3 {1-0 Saitua,G (1981)-Herrera,T La Pampa Centro de la Republica  2015 (1.1)}) 9... Be7 10. Qg4 Bf8 11. Bg5 Qc7 12. Rc1 h6 13. Be3 Na6 14. cxd5 cxd5 15. Bxa6 bxa6 16. O-O Qd8 17. Na4 g6 18. Rc6 Qe7 19. Rfc1 Rd8 20. Rxa6 Bg7 21. Rxa7 h5 22. Qe2 f5 23. Qd2 Qf8 24. Rcc7 h4 25. Bg5 Bh6 26. Bxh6 Rxh6 27. Nc5 1-0

[Event "Olympiad Women 2024"]
[Site "Budapest HUN"]
[Date "2024.09.14"]
[Round "4.46"]
[Board "1"]
[White "Caxita, Esperanca"]
[Black "Haile, Lidet"]
[Result "1-0"]
[WhiteElo "1932"]
[BlackElo "1834"]
[PlyCount "76"]
[EventDate "2024.09.11"]
[WhiteTeam "Angola"]
[BlackTeam "Ethiopia"]
[WhiteTeamCountry "ANG"]
[BlackTeamCountry "ETH"]

1. e4 e5 2. Nf3 Nc6 3. Bc4 Bc5 4. c3 d6 5. O-O h6 6. d4 exd4 7. cxd4 Bb6 8. h3 Nge7 ({RR} 8... Nf6 9. Nc3 O-O 10. d5 Ne5 11. Nxe5 dxe5 12. Qf3 c6 13. dxc6 bxc6 14. Rd1 Qe7 15. Be3 Be6 16. Bxe6 Qxe6 17. b3 Rfd8 18. Na4 Bd4 19. Rac1 Rac8 20. Bxd4 exd4 21. Nc5 Qe5 22. Re1 Nd7 23. Nd3 {1-0 Alekseev,E (2550)-Hernandez Amura,G (2198) Titled Tue 9th Jul Early 2024 (3)}) 9. Nc3 O-O 10. a3 $146 ({RR} 10. Be3 Ng6 11. Qd2 Kh7 12. a3 f5 13. exf5 Bxf5 14. b4 Qd7 15. Nh2 Rae8 16. g4 Be4 17. Nxe4 Rxe4 18. Bd3 Re7 19. b5 Na5 20. h4 {1-0 Bonnerjee,M-Cochrane,J Calcutta 1855}) ({RR} 10. a4 a6 11. Re1 Ng6 12. Be3 Nh4 13. Nxh4 Qxh4 14. Qd2 Ba5 15. Rad1 Bd7 16. f4 Rad8 17. Bf2 Qf6 18. Qe3 Rfe8 19. Nd5 Qg6 20. Re2 Nb4 21. Nxb4 Bxb4 22. b3 Bc6 23. Bd3 f5 24. Bh4 Rc8 {1-0 Ljikar,T (1877)-Mainenti,K (1798) Topusko op 3rd 2014 (7)}) ({RR} 10. Be3 Kh7 11. Re1 f5 12. Ng5+ Kg6 13. exf5+ Nxf5 14. Ne6 Bxe6 15. Bxe6 Nxe3 16. fxe3 Kh7 17. Qd3+ Kh8 18. Bb3 Ne7 19. Bc2 g6 20. Rf1 d5 21. h4 {½-½ Mueller,G (2114)-Buerckner,G (2039) Oberliga Ost-A 2122 2021 (2.7)}) 10... a6 11. Be3 Kh7 12. Bd3 f5 13. exf5 Bxf5 14. Nh4 Bxd3 15. Qxd3+ Kh8 16. Ne2 Qe8 17. Ng3 Qf7 18. Rad1 Rae8 19. Qe4 Kg8 20. Qg4 Kh7 21. Rd3 Nd5 22. Bd2 Qe6 23. Ngf5 g6 24. Nxh6 Qxg4 25. Nxg4 Nxd4 26. Bh6 Rf7 27. Rfd1 Re4 28. Bg5 Kg7 29. Nf3 Ne2+ 30. Kf1 c6 31. Bh6+ Kg8 32. Ng5 Rxg4 33. Nxf7 Re4 34. Nxd6 Re6 35. Nc4 Ba7 36. g3 b5 37. Na5 Bb6 38. Nxc6 Rxc6 1-0

[Event "Olympiad Women 2024"]
[Site "Budapest HUN"]
[Date "2024.09.14"]
[Round "4.46"]
[Board "3"]
[White "Pires, Luzia"]
[Black "Abera, Mekdes Demssie"]
[Result "1-0"]
[WhiteElo "1877"]
[BlackElo "1593"]
[PlyCount "71"]
[EventDate "2024.09.11"]
[WhiteTeam "Angola"]
[BlackTeam "Ethiopia"]
[WhiteTeamCountry "ANG"]
[BlackTeamCountry "ETH"]

1. d4 d5 2. Nf3 e6 3. e3 c5 4. b3 Nf6 5. Bb2 Nc6 6. a3 Ne4 $146 ({RR} 6... cxd4 7. exd4 Bd6 8. Bd3 Bd7 9. O-O Nh5 10. Ne5 Bxe5 11. dxe5 Qg5 12. g3 g6 13. f4 Qd8 14. f5 Ng7 15. Nc3 Qb6+ 16. Kg2 O-O-O 17. Nxd5 exd5 18. e6 d4 19. exd7+ Rxd7 20. fxg6 hxg6 21. Re1 {1-0 Breyer,G-Sterk,K Budapesti Sakki-Otthon-02 1913 (1)}) ({RR} 6... Qc7 7. Nbd2 cxd4 8. exd4 g6 9. Bd3 Bg7 10. O-O O-O 11. Re1 b6 12. Qe2 Bb7 13. Ne5 Rac8 14. Rac1 Rfd8 15. h4 Nxe5 16. dxe5 Ne4 17. Nxe4 dxe4 18. Bxe4 Bh6 19. Rcd1 Rxd1 20. Rxd1 Bxe4 21. Qxe4 {½-½ Kryvoruchko,Y (2650)-Volokitin,A (2667) ch-HUN Rapid 2024 (5.1)}) ({RR} 6... Be7 7. Bd3 a6 8. O-O b5 9. c4 bxc4 10. bxc4 cxd4 11. exd4 dxc4 12. Bxc4 Qb6 13. Bc3 Bd7 14. Nbd2 O-O 15. Rb1 Qc7 16. Qe2 Na5 17. Bxa5 Qxa5 18. Ne5 Bd6 19. Bd3 Bxe5 20. dxe5 Nd5 21. Nc4 {0-1 Nord,A (2209)-Hernandez Santos,D (1430) Titled Tue 16th Jan Early 2024 (3)}) ({RR} 6... Be7 7. Bd3 O-O 8. Nbd2 ({RR} 8. O-O) 8... cxd4 ({RR} 8... Nd7 9. Ne5 cxd4 10. exd4 Qb6 11. Ndf3 Ncxe5 12. Nxe5 Nxe5 13. dxe5 Qa5+ 14. Qd2 Qxd2+ 15. Kxd2 f6 16. f4 fxe5 17. Bxe5 Bf6 18. Rhf1 Bd7 19. Rae1 a6 20. g3 Bb5 21. c4 dxc4 22. bxc4 Bc6 23. Bxf6) 9. exd4 Re8 10. O-O Bf8 11. Ne5 Qc7 12. f4 g6 13. Kh1 Ne7 14. Qf3 Bd7 15. g4 a6 16. Nxd7 Qxd7 17. h4 ({RR} 17. f5 exf5 18. gxf5) 17... h5 18. gxh5 Nxh5 19. Rg1 Bg7 20. Raf1 Nf5 21. Rg5 {0-1 Boutteville,C-Vertadier,P FRA-ch 21st Roubaix 1945 (7)} {RR} Qe7) ({RR} 6... Bd6 7. Bd3 O-O 8. O-O b6 9. Nbd2 Bb7 10. Ne5 Rc8 11. f4 Ne7) ({RR} 6... cxd4 7. exd4 Bd6 8. Bd3 O-O 9. O-O Qc7 10. Re1 Bd7 11. Ne5 Rac8 12. Nd2 Rfe8 13. Ndf3 a6 14. Nxc6 Bxc6 15. Ne5 Nd7 16. Nxd7 Qxd7 17. Qh5 g6 18. Qg5 Qe7 19. Qxe7 Rxe7 20. c4 dxc4 21. Bxc4 {½-½ Sabirova,S-Khalafian,E URS-chT Republics 13th final C 1975 (3)}) 7. Bd3 Qa5+ 8. Nfd2 Nxd2 9. Nxd2 cxd4 10. exd4 Be7 11. O-O O-O 12. Qe2 Qb6 13. Nf3 Bf6 14. Rad1 g6 15. Qe3 Re8 16. Qf4 Kg7 17. Rfe1 Bd7 18. Ne5 Rad8 19. Re3 g5 20. Qg4 Rh8 21. Qh5 Be8 22. Ng4 h6 23. Nxf6 Kxf6 24. h4 Ke7 25. hxg5 Kd7 26. gxh6 f5 27. Qg5 Bf7 28. Bxf5 Ne7 29. Bh3 Rdg8 30. Qf6 Rh7 31. Rg3 Qc7 32. Re1 Rxg3 33. fxg3 Qxg3 34. Bxe6+ Bxe6 35. Qxe6+ Kd8 36. Bc1 1-0

[Event "Olympiad Women 2024"]
[Site "Budapest HUN"]
[Date "2024.09.14"]
[Round "4.47"]
[Board "2"]
[White "Saidova, Rukhshona"]
[Black "Efentakis, Katina"]
[Result "1-0"]
[WhiteElo "1873"]
[BlackElo "1650"]
[PlyCount "83"]
[EventDate "2024.09.11"]
[WhiteTeam "Tajikistan"]
[BlackTeam "Mozambique"]
[WhiteTeamCountry "TJK"]
[BlackTeamCountry "MOZ"]

1. e4 c5 2. Nf3 d6 3. d4 cxd4 4. Nxd4 Nf6 5. Nc3 a6 6. Be2 e5 7. Nb3 Be6 8. Be3 Be7 9. O-O O-O 10. Qd3 Nbd7 11. Nd5 Bxd5 12. exd5 Rc8 13. c4 Qc7 ({RR} 13... g6 14. Rac1 Ne8 15. Qd2 Ng7 16. Na5 Nf5 17. Nxb7 Qc7 18. Na5 Nxe3 19. fxe3 Bg5 20. b4 Qb6 21. Rf3 f5 22. Nc6 f4 23. Qc2 fxe3 24. Rg3 Bh4 25. Rxg6+ Kh8 26. Rxd6 Nf6 27. g3 Qc7 28. Re6 {½-½ Sethuraman,S (2618)-Giri,A (2772) FIDE World Cup 2017 (3.2)}) ({RR} 13... Ne8 14. a4 f5 15. f4 e4 16. Qd2 Bf6 17. a5 g6 18. Nd4 Nc5 19. Ra3 Ng7 20. b4 Nd7 21. Ne6 Nxe6 22. dxe6 Nb8 23. Rd1 Re8 24. Qd5 Qe7 25. c5 dxc5 26. Bxc5 Qxe6 27. Qxe6+ Rxe6 28. Bc4 {1-0 Piccoli,L (2263)-Morioka,F (1612) 10th Floripa Open 2024 (1.29)}) 14. Rfd1 $146 ({RR} 14. a4 b6 15. Nd2 Nc5 16. Qc2 a5 17. Rab1 Na6 18. Qf5 Nb4 19. f4 g6 20. Qh3 exf4 21. Bxf4 Nd7 22. Bh6 Rfe8 23. Rxf7 Ne5 24. Rg7+ Kh8 25. Rf1 Bf8 26. Rxc7 {1-0 Colbow,C (2016)-Graf,L (2093) GER-ch Net Amateur Gr-A Vor2 blitz 2020 (8)}) ({RR} 14. Rac1 Nb6 15. Nd2 a5 16. b4 axb4 17. Rb1 Ra8 18. Rxb4 Nbd7 19. Rfb1 Rfb8 20. Qb3 b6 21. Bd3 Bd8 22. h3 Nc5 23. Bxc5 Qxc5 24. Ne4 Nxe4 25. Bxe4 Qd4 26. Bf5 Ra7 27. a4 g6 28. Bc2 Rc8 {0-1 Tsekov,S (2196)-Enchev,I (2202) BUL-ch U20 Pleven 2006 (3)}) 14... Rfd8 15. Nd2 Nc5 16. Qf5 a5 17. b3 b6 18. a3 g6 19. Qf3 Kg7 20. b4 axb4 21. axb4 Ncd7 22. Nb3 Ra8 23. Ra2 Rdb8 24. Rxa8 Rxa8 25. c5 Ra2 26. cxb6 Nxb6 27. Rc1 Qb8 28. Bc4 e4 29. Qh3 Nxc4 30. Rxc4 Ra8 31. Bh6+ Kg8 32. Qc3 Qd8 33. Na5 Qd7 34. Rxe4 Rc8 35. Nc6 Bd8 36. h3 Rc7 37. Qa1 Rc8 38. g4 g5 39. Re3 Rc7 40. Nxd8 Qxd8 41. Qxf6 Rc1+ 42. Kg2 1-0

[Event "Olympiad Women 2024"]
[Site "Budapest HUN"]
[Date "2024.09.14"]
[Round "4.48"]
[Board "3"]
[White "Gunawardhana, Devindya Oshini"]
[Black "Pride, Chika"]
[Result "1-0"]
[WhiteElo "1956"]
[BlackElo "1587"]
[PlyCount "39"]
[EventDate "2024.09.11"]
[WhiteTeam "Sri Lanka"]
[BlackTeam "Bahamas"]
[WhiteTeamCountry "SRI"]
[BlackTeamCountry "BAH"]

1. e4 e5 2. Nf3 d6 3. d4 Qe7 4. Nc3 c6 5. Be2 h6 ({RR} 5... g6 6. O-O Nd7 7. a4 Bh6 8. dxe5 dxe5 9. Nd2 Ngf6 10. b3 O-O 11. Ba3 Nc5 12. Nc4 b6 13. Qd6 Qxd6 14. Nxd6 Bd2 15. Nb1 Bh6 16. Bxc5 bxc5 17. Rd1 Rd8 18. Nc3 Be6 19. Bc4 Bf8 20. Bxe6 {½-½ Del Rio de Angelis,S (2504)-Sulskis,S (2582) Gibraltar Masters 2004 (2)}) 6. Be3 ({RR} 6. O-O Nf6 7. a4 g6 8. dxe5 dxe5 9. Bc4 a5 10. h3 g5 11. b3 g4 12. Ba3 Qc7 13. Bxf8 Kxf8 14. hxg4 Bxg4 15. Be2 Nbd7 16. Nh4 Be6 17. Qd2 Ke7 18. Bf3 Qd6 19. Qe3 Qc5 20. Rfe1 Rag8 {½-½ Simon Padros,E (2145)-Lerch Gallemi,J (2151) Catalunya-chT Gp1 2022 (8.7)}) 6... Nf6 7. h3 Nbd7 $146 ({RR} 7... Qc7 8. a4 a5 9. O-O Be7 10. Qd2 Nbd7 11. Nh4 Nb6 12. b3 O-O 13. Nf5 Bxf5 14. exf5 Nbd5 15. Nxd5 Nxd5 16. Rad1 Nxe3 17. Qxe3 exd4 18. Rxd4 d5 19. Rg4 Kh8 20. Bd3 Bg5 21. Qf3 Bf6 22. Rg3 {0-1 Bochis,J (2181)-Tran,M (2047) GER-ch (Women) 2013 (7)}) ({RR} 7... Qc7 8. Qd2 Be7 9. O-O-O Be6 10. Kb1 Nbd7 11. g4 g5 12. h4 Qa5 13. hxg5 Nxe4 14. Qd3 Nxc3+ 15. bxc3 Qxa2+ 16. Kc1 O-O-O {0-1 Panesso,O-Echeverry Alvira,S Pan American-ch U18 2004 (4)}) ({RR} 7... Qc7 8. O-O Be7 9. a3 Nbd7 10. Qd2 Nf8 11. Rad1 Ng6 12. Bc4 O-O 13. Qe2 Nh5 14. Qd2 Ngf4 15. Ne2 g5 16. Bxf4 exf4 17. Nh2 Nf6 18. Bd3 Re8 19. c4 c5 20. d5 Bf8 21. Nc3 Bg7 22. Rfe1 {0-1 Ivanovic,J (2054)-Markovic,G (2266) YUG-chT (Women) 1999 (6)}) 8. Qd2 exd4 9. Bxd4 Nxe4 10. Nxe4 Qxe4 11. O-O-O c5 12. Rhe1 Kd8 13. Bb5 Qg6 14. Bc3 Qxg2 15. Qd5 Kc7 16. Ba5+ Kb8 17. Re8 Nf6 18. Rxc8+ Kxc8 19. Qxc5+ dxc5 20. Rd8# 1-0

[Event "Olympiad Women 2024"]
[Site "Budapest HUN"]
[Date "2024.09.14"]
[Round "4.49"]
[Board "3"]
[White "Terubea, Cydel"]
[Black "Watson, Gabriella"]
[Result "0-1"]
[WhiteElo "1681"]
[BlackElo "1826"]
[PlyCount "118"]
[EventDate "2024.09.11"]
[WhiteTeam "Fiji"]
[BlackTeam "Jamaica"]
[WhiteTeamCountry "FIJ"]
[BlackTeamCountry "JAM"]

1. e4 c6 2. Nf3 d5 3. exd5 cxd5 4. d4 Nc6 5. Nc3 Nf6 6. Bf4 Bg4 7. Be2 e6 8. h3 ({RR} 8. O-O Bd6 9. Bxd6 Qxd6 10. Nb5 Qb8 11. c3 a6 12. Na3 O-O 13. Nc2 Bxf3 14. Bxf3 b5 15. Ne1 Qd6 16. Nd3 a5 17. Rc1 Rab8 18. Re1 Rfc8 19. g3 b4 20. Nc5 bxc3 21. bxc3 Nd7 22. Nxd7 Qxd7 {½-½ Miladinovic,I (2552)-Pikula,D (2547) SRB-chT 1st League 2010 (10)}) ({RR} 8. Ne5 Bxe2 9. Nxe2 Nxe5 10. Bxe5 Nd7 11. Bg3 Qb6 12. O-O Qxb2 13. Rb1 Qxa2 14. Rxb7 Qa6 15. Rb3 Bd6 16. Qa1 Qc6 17. Bxd6 Qxd6 18. Rb7 O-O 19. Rxa7 Rxa7 20. Qxa7 Rc8 21. c3 Qc6 22. h4 Ra8 {0-1 Tifferet,S (2256)-Sarkar,J (2309) Titled Tue 9th May Late 2023 (7)}) 8... Bf5 $146 ({RR} 8... Bxf3 9. Bxf3 Qb6 10. Na4 Qxd4 11. Qxd4 Nxd4 12. Bd1 Be7 13. O-O O-O 14. c3 Nc6 15. b3 b5 16. Nb2 Ne4 17. c4 Bf6 18. Rb1 Nc3 19. Rc1 Nxa2 20. Rc2 Nab4 21. Rd2 Bxb2 22. Rxb2 Nd3 23. cxb5 {0-1 Krivda,M (1412)-Kessler,M (1619) AUT-ch U14 Girls 2007 (1)}) ({RR} 8... Bh5 9. a3 Bd6 10. Ne5 Bxe2 11. Nxe2 O-O 12. Nxc6 bxc6 13. O-O c5 14. Bg5 Rc8 15. c3 c4 16. Qc2 Rb8 17. Rab1 Qe7 18. f4 Qd8 19. Rf3 Be7 20. Rbf1 Ne4 21. Bxe7 Qxe7 22. Ng3 f5 23. Re1 {0-1 Lozovoi,G (1315)-Petrov,M (1589) Chigorin Memorial 26th 2018 (9)}) ({RR} 8... Bxf3 9. Bxf3 Qb6 10. Ne2 Qxb2 11. Rb1 Bb4+ 12. Bd2 Bxd2+ 13. Kxd2 Qxa2 14. Rxb7 Na5 15. Qb1 Qxb1 16. Rbxb1 Kd7 17. Rb5 Nc4+ 18. Kd3 Rhb8 19. Rhb1 Rxb5 20. Rxb5 Nd6 21. Rb3 a5 22. Kd2 a4 23. Rb1 {0-1 Meekers,G-Segers,J Lommel Summer op 14th 1994}) 9. Nh4 Bg6 10. Nxg6 hxg6 11. Nb5 Rc8 12. Nc3 a6 13. a3 Bd6 14. Qd2 Bxf4 15. Qxf4 Qb6 16. O-O-O O-O 17. h4 Qa5 18. h5 gxh5 19. Bxh5 Ne7 20. Rd3 b5 21. Rg3 Nxh5 22. Rxh5 Ng6 23. Rgh3 Rfd8 24. Qh2 Kf8 25. Rg5 Qc7 26. Qxc7 Rxc7 27. g3 Rdc8 28. f4 Kg8 29. Rh2 Ne7 30. g4 g6 31. Re5 Nc6 32. Re3 Nxd4 33. Rd3 Nc6 34. Ne2 Na5 35. Nd4 Rc4 36. Kb1 Nb7 37. b3 Rc3 38. Kb2 R3c7 39. Rhh3 Nc5 40. Rc3 Ne4 41. Rxc7 Rxc7 42. Rf3 Kg7 43. f5 gxf5 44. gxf5 e5 45. Ne2 Kf6 46. Rd3 d4 47. c3 Nxc3 48. Nxd4 exd4 49. Rxd4 Kxf5 50. Rd6 a5 51. Rd3 b4 52. a4 Ke4 53. Rd2 f5 54. Rd6 Rc5 55. Re6+ Re5 56. Rh6 f4 57. Kc2 Ke3 58. Rh1 f3 59. Re1+ Ne2 0-1

[Event "Olympiad Women 2024"]
[Site "Budapest HUN"]
[Date "2024.09.14"]
[Round "4.50"]
[Board "1"]
[White "Shipindo, Rauha"]
[Black "Al Maamari, Wafia Darwish"]
[Result "0-1"]
[WhiteElo "1677"]
[BlackElo "1908"]
[PlyCount "102"]
[EventDate "2024.09.11"]
[WhiteTeam "Namibia"]
[BlackTeam "United Arab Emirates"]
[WhiteTeamCountry "NAM"]
[BlackTeamCountry "UAE"]

1. e4 c5 2. Nf3 a6 3. d4 cxd4 4. Nxd4 Nf6 5. Nc3 e5 6. Nb3 Bb4 7. Bd2 d6 8. Bd3 ({RR} 8. Nd5 Bxd2+ 9. Nxd2 Nxd5 10. exd5 O-O 11. g3 f5 12. Bg2 Nd7 13. O-O f4 14. gxf4 Rxf4 15. c4 Qg5 16. Kh1 Nf6 17. Rg1 Rh4 18. Nf3 Qh5 19. Nxh4 Qxh4 20. Bf3 e4 21. Be2 Qxf2 22. Rg2 Qh4 {1-0 Martin,L (2135)-Bazilius,A (2110) Titled Tue 4th Jul Early 2023 (11)}) 8... Bg4 ({RR} 8... Be6 9. Qe2 Nc6 10. O-O O-O 11. a3 Bc5 12. Bc4 Nd4 13. Nxd4 Bxc4 14. Qxc4 exd4 15. Ne2 Nxe4 16. Qd3 Re8 17. b4 Bb6 18. Nxd4 Rc8 19. Rac1 Qf6 20. c3 Bxd4 21. cxd4 Rxc1 22. Bxc1 d5 23. Be3 {0-1 Stelzer,H (2183)-Meier,G (2628) GER CupT 1920 prel7 2020 (2.1)}) 9. Ne2 $146 ({RR} 9. f3 Be6 10. O-O O-O 11. Qe1 Nh5 12. Ne2 Nc6 13. c3 Bc5+ 14. Kh1 Bb6 15. Rd1 Qe7 16. g4 Nf6 17. c4 Nd7 18. Nc3 Nc5 19. Nxc5 dxc5 20. Nd5 Qd8 21. Qe3 Ba7 22. a3 Rb8 23. Qg5 f6 {0-1 Struening,T-Hagenauer,J (2022) Bad Zwesten op 5th 2001 (4)}) ({RR} 9. f3 Be6 10. a3 Bxc3 11. Bxc3 Nc6 12. Qd2 O-O 13. Na5 Nxa5 14. Bxa5 b6 15. Bc3 Qc7 16. Qe2 b5 17. O-O Nd7 18. a4 b4 19. Bd2 Rfc8 20. Kh1 a5 21. b3 Nc5 22. Bb5 d5 23. exd5 Bxd5 {0-1 Blanco,D (1999)-Cordova,E (2602) American Continental 12th 2016 (1)}) ({RR} 9. f3 Be6 10. a3 Bxc3 11. Bxc3 Nc6 12. Nd2 d5 13. b3 O-O 14. Qe2 Rc8 15. Bb2 Re8 16. O-O Nh5 {½-½ Metz,H (2188)-Ivanov,M (2328) Oberliga Baden 2122 2021 (6.5)}) 9... Bxd2+ 10. Qxd2 O-O 11. O-O-O d5 12. exd5 e4 13. f3 exd3 14. Qxd3 Bd7 15. Nc3 a5 16. a4 Na6 17. g4 Nb4 18. Qd4 Rc8 19. Rd2 Qc7 20. d6 Qd8 21. Rf1 b6 22. h4 Be6 23. Na1 Rc4 24. Qe5 Re8 25. Qb5 Rc5 26. Qe2 Bc4 27. Qf2 Bxf1 28. Qxf1 Rce5 29. Qf2 Nbd5 30. Nd1 Qxd6 31. Qd4 Qb4 32. Qxb4 Nxb4 33. c3 Na6 34. Nb3 Nc5 35. Nd4 Nxa4 36. Kc2 h6 37. Nf2 Nc5 38. b3 Nd5 39. c4 Nb4+ 40. Kb2 Re3 41. h5 Ncd3+ 42. Nxd3 Rxd3 43. Rxd3 Nxd3+ 44. Kc3 Nb4 45. Kd2 g6 46. hxg6 fxg6 47. Ne2 h5 48. Nf4 h4 49. g5 Kg7 50. Nh3 Re5 51. f4 Re4 0-1